Applications of environmental chemistry : (Record no. 2738)
[ view plain ]
| 000 -LEADER | |
|---|---|
| fixed length control field | 01185cam a22003014a 4500 |
| 001 - CONTROL NUMBER | |
| control field | 11867557 |
| 003 - CONTROL NUMBER IDENTIFIER | |
| control field | OSt |
| 005 - DATE AND TIME OF LATEST TRANSACTION | |
| control field | 20210908155539.0 |
| 008 - FIXED-LENGTH DATA ELEMENTS--GENERAL INFORMATION | |
| fixed length control field | 991213s2000 flua b 001 0 eng |
| 010 ## - LIBRARY OF CONGRESS CONTROL NUMBER | |
| LC control number | 99087370 |
| 020 ## - INTERNATIONAL STANDARD BOOK NUMBER | |
| International Standard Book Number | 1566703549 (alk. paper) |
| 040 ## - CATALOGING SOURCE | |
| Transcribing agency | HU |
| 042 ## - AUTHENTICATION CODE | |
| Authentication code | pcc |
| 050 00 - LIBRARY OF CONGRESS CALL NUMBER | |
| Classification number | TD193 |
| Item number | .W45 2000 |
| 082 00 - DEWEY DECIMAL CLASSIFICATION NUMBER | |
| Classification number | 577194/WEI |
| 100 1# - MAIN ENTRY--PERSONAL NAME | |
| Personal name | Weiner, Eugene R. |
| 9 (RLIN) | 2406 |
| 245 10 - TITLE STATEMENT | |
| Title | Applications of environmental chemistry : |
| Remainder of title | a practical guide for environmental professionals / |
| Statement of responsibility, etc. | Eugene R. Weiner. |
| 246 30 - VARYING FORM OF TITLE | |
| Title proper/short title | Environmental chemistry |
| 260 ## - PUBLICATION, DISTRIBUTION, ETC. | |
| Place of publication, distribution, etc. | Boca Raton : |
| Name of publisher, distributor, etc. | Lewis Pub., |
| Date of publication, distribution, etc. | c2000. |
| 300 ## - PHYSICAL DESCRIPTION | |
| Extent | 276 p. : |
| Other physical details | ill. ; |
| Dimensions | 26 cm. |
| 504 ## - BIBLIOGRAPHY, ETC. NOTE | |
| Bibliography, etc. note | Includes bibliographical references and index. |
| 650 #0 - SUBJECT ADDED ENTRY--TOPICAL TERM | |
| Topical term or geographic name entry element | Environmental chemistry. |
| 9 (RLIN) | 2407 |
| 650 #0 - SUBJECT ADDED ENTRY--TOPICAL TERM | |
| Topical term or geographic name entry element | Water quality. |
| 9 (RLIN) | 2408 |
| 856 42 - ELECTRONIC LOCATION AND ACCESS | |
| Materials specified | Publisher description |
| Uniform Resource Identifier | <a href="http://www.loc.gov/catdir/enhancements/fy0646/99087370-d.html">http://www.loc.gov/catdir/enhancements/fy0646/99087370-d.html</a> |
| 906 ## - LOCAL DATA ELEMENT F, LDF (RLIN) | |
| a | 7 |
| b | cbc |
| c | orignew |
| d | 1 |
| e | ocip |
| f | 19 |
| g | y-gencatlg |
| 942 ## - ADDED ENTRY ELEMENTS (KOHA) | |
| Source of classification or shelving scheme | Dewey Decimal Classification |
| Koha item type | Books like text book referance book |
| Suppress in OPAC | No |
| Withdrawn status | Lost status | Source of classification or shelving scheme | Damaged status | Not for loan | Home library | Current library | Shelving location | Date acquired | Total Checkouts | Full call number | Barcode | Date last seen | Copy number | Price effective from | Koha item type |
|---|---|---|---|---|---|---|---|---|---|---|---|---|---|---|---|
| Dewey Decimal Classification | Natural & Computational Science Library | Natural & Computational Science Library | General Stacks | 09/08/2021 | 577.194/WEI | NSCLIB00007178 | 09/08/2021 | 1 | 09/08/2021 | Books like text book referance book | |||||
| Dewey Decimal Classification | Natural & Computational Science Library | Natural & Computational Science Library | General Stacks | 09/08/2021 | 577.194/WEI | NSCLIB00007179 | 09/08/2021 | 2 | 09/08/2021 | Books like text book referance book | |||||
| Dewey Decimal Classification | Natural & Computational Science Library | Natural & Computational Science Library | General Stacks | 09/08/2021 | 577.194/WEI | NSCLIB00007180 | 09/08/2021 | 3 | 09/08/2021 | Books like text book referance book | |||||
| Dewey Decimal Classification | Natural & Computational Science Library | Natural & Computational Science Library | General Stacks | 09/08/2021 | 577.194/WEI | NSCLIB00007181 | 09/08/2021 | 4 | 09/08/2021 | Books like text book referance book | |||||
| Dewey Decimal Classification | Natural & Computational Science Library | Natural & Computational Science Library | General Stacks | 09/08/2021 | 577.194/WEI | NSCLIB00007182 | 09/08/2021 | 5 | 09/08/2021 | Books like text book referance book | |||||
| Dewey Decimal Classification | Natural & Computational Science Library | Natural & Computational Science Library | General Stacks | 09/08/2021 | 577.194/WEI | NSCLIB00007183 | 09/08/2021 | 6 | 09/08/2021 | Books like text book referance book | |||||
| Dewey Decimal Classification | Natural & Computational Science Library | Natural & Computational Science Library | General Stacks | 09/08/2021 | 577.194/WEI | NSCLIB00007184 | 09/08/2021 | 7 | 09/08/2021 | Books like text book referance book | |||||
| Dewey Decimal Classification | Natural & Computational Science Library | Natural & Computational Science Library | General Stacks | 09/08/2021 | 577.194/WEI | NSCLIB00007185 | 09/08/2021 | 8 | 09/08/2021 | Books like text book referance book | |||||
| Dewey Decimal Classification | Natural & Computational Science Library | Natural & Computational Science Library | General Stacks | 09/08/2021 | 577.194/WEI | NSCLIB00007186 | 09/08/2021 | 9 | 09/08/2021 | Books like text book referance book | |||||
| Dewey Decimal Classification | Natural & Computational Science Library | Natural & Computational Science Library | General Stacks | 09/08/2021 | 577.194/WEI | NSCLIB00007187 | 09/08/2021 | 10 | 09/08/2021 | Books like text book referance book | |||||
| Dewey Decimal Classification | Natural & Computational Science Library | Natural & Computational Science Library | General Stacks | 09/08/2021 | 577.194/WEI | NSCLIB00007188 | 09/08/2021 | 11 | 09/08/2021 | Books like text book referance book | |||||
| Dewey Decimal Classification | Natural & Computational Science Library | Natural & Computational Science Library | General Stacks | 09/08/2021 | 577.194/WEI | NSCLIB00007189 | 09/08/2021 | 12 | 09/08/2021 | Books like text book referance book |